| 000 | 01423nam a2200385 i 4500 | ||
|---|---|---|---|
| 001 | 194292 | ||
| 003 | SpMaBN | ||
| 005 | 20240908165015.0 | ||
| 007 | ta | ||
| 008 | 240423s2003 sp | ||| ||spa | ||
| 016 | 7 |
_abimoBNE20050221173 _2SpMaBN |
|
| 017 |
_aSO 50-2003 _bOficina Depósito Legal Soria |
||
| 020 | _a8495610418 | ||
| 035 | _a(OCoLC)433429964 | ||
| 035 | _abimo0002016453 | ||
| 040 |
_aSpMaBN _bspa _cSpMaBN _erdc _dES-MaACL |
||
| 080 | _a821.134.2-34"19" | ||
| 100 |
_aRuiz de Linares, Ernesto, _d1954- _0XX1726707 _9235445 |
||
| 245 | 1 | 0 |
_aCuentos de fin de milenio : _b1999-2002 / _cErnesto Ruiz de Linares. |
| 250 | _a1ª ed. | ||
| 260 |
_a[Salamanca] : _bCaja Duero, _c2003. |
||
| 300 |
_a106 p. ; _c21 cm |
||
| 336 |
_2rdacontent _atexto |
||
| 337 |
_2rdamedia _asin mediación |
||
| 338 |
_2rdacarrier _avolumen |
||
| 650 | 4 |
_911487 _aCuentos españoles- _yS.XX |
|
| 655 | 7 |
_2tgfbne _9226829 _aCuentos |
|
| 852 |
_aES-MaACL _bR.154971 _cDEPOJ _jN-9777 _gDedicatoria autógrafa del autor _hDonación: Ernesto Ruiz de Linares _9201873 _xEncuadernación rústica con solapas |
||
| 903 |
_9235445 _aRuiz de Linares, Ernesto, _d1954- _ednr |
||
| 942 |
_n0 _cMONOGRAFIA |
||
| 999 |
_c194292 _d194292 |
||